000 00475cam a2200181ua 4500
001 794
008 110420n ii |||gr||||Z||||||eng
040 _cMAIN
082 _a320.5130954
245 1 _aModern Indian political thought.
_cBy V P Varma.
250 _a9th.
260 _aAgra.:
_bLakhmi Narayan Agarwall.,987.
300 _axii, 884 p.:
_c25 cm.
653 _aPolitical science.
653 _aModern Indian political thought.
700 1 _aVarma, V P.,
942 _cBK
999 _c720
_d720